El estado mexicano y la CTM /

Bibliographic Details
Main Author: Aziz Nassif, Alberto
Format: Book
Language:Spanish
Published: México, D.F. : Centro de Investigaciones y Estudios Superiores en Antropología Social, 1989.
Edition:1. ed.
Series:Ediciones de la Casa Chata ; 32.
Subjects:

MARC

Tag First Indicator Second Indicator Subfields
LEADER 00000cam a2200000 a 4500
001 in00001407072
005 20151020073117.0
008 901003s1989 mx b 000 0 spa
010 |a  90201014  
020 |a 9684961499 
035 |a (OCoLC)23020367 
035 |9 AHQ4043AM 
040 |a DLC  |c DLC  |d UIU  |d PL#  |d TXA  |d UtOrBLW 
043 |a n-mx--- 
049 |a TXAM 
050 0 0 |a HD8112.C563  |b A98 1989 
092 0 |a 322.20972  |b Az37e  |2 20 
100 1 |a Aziz Nassif, Alberto. 
245 1 3 |a El estado mexicano y la CTM /  |c Alberto Aziz Nassif. 
250 |a 1. ed. 
264 1 |a México, D.F. :  |b Centro de Investigaciones y Estudios Superiores en Antropología Social,  |c 1989. 
300 |a 345 pages ;  |c 21 cm. 
336 |a text  |b txt  |2 rdacontent 
337 |a unmediated  |b n  |2 rdamedia 
338 |a volume  |b nc  |2 rdacarrier 
490 1 |a Ediciones de la Casa Chata ;  |v 32 
504 |a Includes bibliographical references. 
610 2 0 |a Confederación de Trabajadores de México  |x History. 
650 0 |a Labor unions  |x Government policy  |z Mexico  |x History. 
653 |a México  |a Política  |a Siglo XX. 
653 |a Sindicalismo  |a México  |a Siglo XX. 
830 0 |a Ediciones de la Casa Chata ;  |v 32. 
948 |a c:cer 
999 |a MARS 
999 f f |s ba75cb8a-e5cb-3b0f-b155-57f322c5fb2e  |i 04f962ed-bfca-3dac-acb8-8f44532851ba  |t 0 
952 f f |p ric  |a Texas A&M University  |b Rellis Campus  |c Joint Library Facility  |d Remote Storage  |t 0  |e HD8112.C563 A98 1989  |h Library of Congress classification  |i unmediated -- volume  |m A14822564344 
998 f f |a HD8112.C563 A98 1989  |t 0  |l Remote Storage